00825nam a2200229 a 450000100100000000500170001000800410002702000150006804000250008308200200010810000330012824500580016126000380021930000210025750000590027859000260033765000290036365000310039291000370042395201180046099900170057800004270520250207125148.0140205s2004 dr r 000 j spa d a9993496030 aDO-SdBNPbspacBNPHU aRD863.44bM663c1 aMinaya, Ligia,d1941-92317713aEl callejón de las flores /cLigia Minaya Belliard. aSanto Domingo :bManatí,c2004. a111 p. ;c22 cm. aIncluye dtos biográficos de la autora en las solapas aInventariado, 2020/BT 0aCuentos dominicanos9176 0aLiteratura dominicana.967 aValidado. Control de calidad MFF 0010718PDaPDbPDcHDd2014-02-05iLF1l0oRD863.44 M663cp42705-10r2020-06-25w2020-06-25yLFPDZNo se presta c42194d42194